| 000 | 00471cam a2200181ua 4500 | ||
|---|---|---|---|
| 020 | _cRs 1.50 | ||
| 041 |
_amal _h |
||
| 082 |
_a894.812 4 _bRAD/AN |
||
| 100 | _aRadhakrishnan, C . | ||
| 245 |
_aAnthardhara / _cC Radhakrishnan. _hTextual Documents |
||
| 260 |
_aKottayam : _bSahitya Pravarthaka Co-operative Society , _c1969. |
||
| 300 | _a100 ; . | ||
| 365 | _aRs 1.50 | ||
| 504 | _a | ||
| 650 | _aLiterary Discussion | ||
| 942 | _cBK | ||
| 999 |
_c593 _d593 |
||